Върхове, острови, реки и езера - Statistics

General Stats
  • This quiz has been taken 154 times
  • The average score is 12 of 24
Answer Stats
Country % Correct
Еверест
97%
Нил
86%
Амазонка
81%
Мадагаскар
75%
Ухуру
74%
Волга
70%
Великобритания
65%
Виктория
65%
Яндзъ
63%
Мисисипи
62%
Гренландия
60%
Елбрус
56%
Каспийско море
49%
Аконкагуа
43%
Борнео
40%
Денали
39%
Ладожко
32%
Огнена земя
30%
Косцюшко
27%
Мъри
27%
Горно
27%
Нова Гвинея
23%
Еър
17%
Маракайбо
10%
No matching quizzes found
Score Distribution
Percent of People with Each Score
Percentile by Number Answered
Your Score History
You have not taken this quiz